[Event "Pilsen Region-chT 2223"]
[Site "Czech Republic"]
[Date "2023.02.12"]
[Round "8.6"]
[White "Soutner, Jaroslav"]
[Black "Burda, Otto"]
[Result "1/2-1/2"]
[WhiteElo "1680"]
[BlackElo "1759"]
[PlyCount "38"]
[EventDate "2022.10.09"]
[EventType "team-tourn"]
[EventRounds "11"]
[EventCountry "CZE"]
[SourceTitle "EXT 2024"]
[Source "ChessBase"]
[SourceDate "2023.10.10"]
[SourceVersion "1"]
[SourceVersionDate "2023.10.10"]
[SourceQuality "1"]
[WhiteTeam "Plzen Kosutka"]
[BlackTeam "Line IV"]
[WhiteTeamCountry "CZE"]
[BlackTeamCountry "CZE"]

1. e4 c5 2. Nf3 Nc6 3. d4 cxd4 4. Nxd4 Nf6 5. Nc3 e5 6. Ndb5 d6 7. Bg5 a6 8. Na3 b5 9. Bxf6 gxf6 10. Nd5 f5 11. c3 Bg7 12. exf5 Bxf5 13. Nc2 0-0 14. Nce3 Be6 15. Bd3 f5 16. 0-0 Ra7 17. a4 bxa4 18. Rxa4 a5 19. f4 Qb8 1/2-1/2

[Event "Pilsen Region-chT 2223"]
[Site "Czech Republic"]
[Date "2022.12.11"]
[Round "5.7"]
[White "Burda, Otto"]
[Black "Simek, Milan"]
[Result "0-1"]
[WhiteElo "1759"]
[BlackElo "1844"]
[PlyCount "64"]
[EventDate "2022.10.09"]
[EventType "team-tourn"]
[EventRounds "11"]
[EventCountry "CZE"]
[SourceTitle "EXT 2024"]
[Source "ChessBase"]
[SourceDate "2023.10.10"]
[SourceVersion "1"]
[SourceVersionDate "2023.10.10"]
[SourceQuality "1"]
[WhiteTeam "Line IV"]
[BlackTeam "Kozolupy Sakal"]
[WhiteTeamCountry "CZE"]
[BlackTeamCountry "CZE"]

1. d4 d5 2. c4 e6 3. Nc3 Nf6 4. Bg5 Be7 5. e3 0-0 6. Nf3 Ne4 7. Bxe7 Qxe7 8. Qc2 Nxc3 9. Qxc3 Nc6 10. a3 Re8 11. Rc1 Bd7 12. b4 dxc4 13. Bxc4 Rac8 14. 0-0 a6 15. Rfd1 Na7 16. Bb3 Nb5 17. Qd3 f6 18. Ba2 g6 19. Rd2 Kg7 20. e4 Bc6 21. Rc5 Nd6 22. Rxc6 bxc6 23. Rc2 e5 24. dxe5 fxe5 25. h4 Nb5 26. Rc5 Rcd8 27. Qc2 Nd4 28. Nxd4 exd4 29. Rxc6 Qxe4 30. Rxc7+ Kh8 31. Qb3 Qe1+ 32. Kh2 Qe5+ 0-1